| 000 | 00392 a2200121 4500 | ||
|---|---|---|---|
| 001 | ART_49457 | ||
| 005 | 20260410162042.0 | ||
| 008 | 260409a | ||
| 245 | 1 | 0 | _aEl IVA en la construcción sobre inmueble propio y los anticipos y/o señas que congelan precio |
| 100 | 1 | _aReynoso, Julio C. | |
| 700 | 1 | _aStok, Leandro | |
| 773 | 0 |
_tImpuestos _g- N°55 (jul. 2019) _wREV45175 |
|
| 999 |
_c35026 _d35026 |
||